El Peso de la tradición: las alfareras de Amatenango del Valle, ante una evaluación de calidad /
Gardado en:
| Autor Principal: | |
|---|---|
| Outros autores: | , |
| Formato: | Texto |
| Materias: | |
| Etiquetas: |
Engadir etiqueta
Sen Etiquetas, Sexa o primeiro en etiquetar este rexistro!
|
MARC
| LEADER | 00000 a a2200000 04500 | ||
|---|---|---|---|
| 001 | 8979 | ||
| 003 | |||
| 040 | |||
| 100 | |a Ramos Muñoz, Dora Elia | ||
| 245 | |a El Peso de la tradición: |b las alfareras de Amatenango del Valle, ante una evaluación de calidad / |c Dora Elia Ramos Muñoz ; Manuel Roberto Parra Vázquez ; Kristen C. Nelson | ||
| 650 | |a PRODUCCION | ||
| 650 | |a TECNOLOGIA | ||
| 650 | |a ALFARERIA | ||
| 650 | |a POBLACION INDIGENA | ||
| 650 | |a MUJERES | ||
| 650 | |a MEXICO | ||
| 700 | |a Parra Vázquez, Manuel Roberto | ||
| 700 | |a Nelson, Kristen C. | ||
| 773 | |g número 187; páginas 57-74 | ||
| 999 | |c 31988 |d 31988 | ||
